|
|
|
|
| LEADER |
01282nam a22003492a 4500 |
| 001 |
000413608 |
| 003 |
CZ BrMZK |
| 005 |
20120628133628.0 |
| 007 |
ta |
| 008 |
990307s1984 xr af f cze d |
| 015 |
|
|
|a cnb000021061
|
| 035 |
|
|
|a (OCoLC)39595518
|
| 040 |
|
|
|a BOA001
|b cze
|
| 080 |
9 |
|
|a 885-93 :621.33
|
| 080 |
9 |
|
|a 531.8
|
| 080 |
9 |
|
|a 621.4
|
| 100 |
1 |
|
|a Klůna, Jindřich,
|d 1942-
|7 jk01060716
|4 aut
|
| 245 |
1 |
0 |
|a Všude potkáš motory :
|b (na vítr i na atom) /
|c Jindřich Klůna, Pavel Augusta
|
| 250 |
|
|
|a 2. vyd.
|
| 260 |
|
|
|a Praha :
|b Albatros,
|c 1984
|
| 300 |
|
|
|a 117 s., obr. příl. :
|b barev. il.
|
| 490 |
1 |
|
|a Objektiv
|
| 504 |
|
|
|a Obsahuje bibliografii
|
| 521 |
8 |
|
|a Pro čtenáře od 12 let
|
| 700 |
1 |
|
|a Augusta, Pavel,
|d 1943-
|7 jk01010424
|
| 830 |
|
0 |
|a Objektiv (Albatros)
|0 s
|
| 856 |
4 |
1 |
|u http://www.digitalniknihovna.cz/mzk/uuid/uuid:d1c17ca0-6461-11e2-9d9f-005056827e52
|y Digitalizovaný dokument
|x NDK
|
| 910 |
|
|
|a BOA001
|b PK-0087.325-84
|b 2-0813.862-84
|
| 964 |
|
|
|a Motory - výklady populární pro mládež
|
| 990 |
|
|
|a BK
|
| 996 |
7 |
|
|b 2619424311
|c 2-0813.862-84
|l MZK
|r Sklad / do 1 hodiny
|n 0
|w 000413608
|u 000020
|a 1
|e BOA001
|j MZK50
|s A
|
| 996 |
7 |
|
|b 3119823093
|c PK-0087.325-84
|l MZK
|r Sklad / do 1 hodiny
|n 2
|w 000413608
|u 000010
|a 1
|e BOA001
|j MZK50
|s A
|